MARC

LEADER 00000nam0a2200000 4500
001 371661
005 20231102012412.0
035 |a (RuTPU)RU\TPU\retro\29071 
090 |a 371661 
100 |a 20221101d1978 m y0rusy50 ca 
101 0 |a rus 
102 |a RU 
105 |a a z 000zy 
200 1 |a Типовые проекты жилых домов и общественных зданий из ячеистого бетона  |f Ленинградский зональный научно-исследовательский и проектный институт типового и экспериментального проектирования жилых и общественных зданий 
210 |a Ленинград  |c [Б. и.]  |d 1978 
215 |a 51 с.  |c ил. 
225 1 |a Серия 126 
606 |a Жилые здания  |x Проектирование  |2 stltpush  |3 (RuTPU)RU\TPU\subj\11030  |9 38017 
606 1 |a Общественные здания  |x Проектирование  |2 stltpush  |3 (RuTPU)RU\TPU\subj\46668  |9 65785 
606 1 |a Жилые здания  |x Проектирование  |2 stltpush  |3 (RuTPU)RU\TPU\subj\11030  |9 38017 
610 1 |a блок-секции 
610 1 |a номенклатура 
610 1 |a фасады 
610 1 |a схемы застройки 
610 1 |a городская застройка 
610 1 |a поселки 
610 1 |a стеновые блоки 
610 1 |a плиты перекрытия 
610 1 |a железобетонные изделия 
610 1 |a типовые проекты 
675 |a 725.1.011  |v 4 
675 |a 728.1.011  |v 4 
712 0 2 |a Ленинградский зональный научно-исследовательский и проектный институт типового и экспериментального проектирования жилых и общественных зданий  |2 stltpush  |3 (RuTPU)RU\TPU\col\10125  |9 24801 
801 1 |a RU  |b 63413507  |c 20221101 
942 |c BK